[Event "SRB Central-ch op-B 8th"]
[Site "Paracin"]
[Date "2015.07.06"]
[Round "4"]
[White "Tonic, Milos"]
[Black "Petrovic, Petar R"]
[Result "0-1"]
[WhiteElo "2066"]
[BlackElo "1870"]
[PlyCount "76"]
[EventDate "2015.07.03"]
[EventType "swiss"]
[EventRounds "9"]
[EventCountry "SRB"]
[SourceTitle "CBM 167 Extra"]
[Source "ChessBase"]
[SourceDate "2015.09.14"]
[SourceVersion "1"]
[SourceVersionDate "2015.09.14"]
[SourceQuality "1"]

1. c4 d6 2. Nc3 e5 3. g3 Nc6 4. Bg2 g6 5. Nf3 Bg7 6. d3 Nge7 7. 0-0 0-0 8. Bg5 h6 9. Bd2 Bd7 10. Rb1 Rb8 11. b4 Nd4 12. Ne1 f5 13. e3 Ne6 14. f4 Kh7 15. Kh1 a6 16. a4 Qe8 17. b5 Nc5 18. Qc2 Be6 19. Nf3 e4 20. dxe4 fxe4 21. Nd4 Bxc4 22. Bxe4 Nxe4 23. Nxe4 Bxf1 24. Rxf1 Bxd4 25. exd4 Qd7 26. Nf2 axb5 27. axb5 Qxb5 28. Kg1 Qc6 29. Qd3 Qd5 30. g4 Nc6 31. Re1 Rbe8 32. Rxe8 Rxe8 33. f5 gxf5 34. gxf5 Qxd4 35. Qc2 Rg8+ 36. Kf1 Qa1+ 37. Bc1 Qa6+ 38. Nd3 Ne5 0-1

[Event "SRB-ch U16"]
[Site "Vrbas"]
[Date "2015.04.12"]
[Round "5"]
[White "Cevizovic, Milos"]
[Black "Petrovic, Petar R"]
[Result "0-1"]
[WhiteElo "1700"]
[BlackElo "1832"]
[PlyCount "58"]
[EventDate "2015.04.09"]
[EventType "swiss"]
[EventRounds "9"]
[EventCountry "SRB"]
[SourceTitle "EXT 2016"]
[Source "ChessBase"]
[SourceDate "2015.10.08"]
[SourceVersion "1"]
[SourceVersionDate "2015.10.08"]
[SourceQuality "1"]

1. e4 e5 2. Nf3 Nc6 3. d4 exd4 4. Nxd4 Bc5 5. Be3 Qf6 6. c3 Nge7 7. Bc4 d6 8. 0-0 Bb6 9. Nd2 Ne5 10. Be2 0-0 11. f4 N5c6 12. Nc4 Bxd4 13. cxd4 d5 14. e5 Qg6 15. Bd3 Bf5 16. Bxf5 Nxf5 17. Qf3 dxc4 18. d5 Ncd4 19. Bxd4 Nxd4 20. Qd1 Qd3 21. Qxd3 cxd3 22. Rad1 Rad8 23. Rxd3 Rxd5 24. Rfd1 Ne2+ 25. Kf2 Rxd3 26. Rxd3 Nxf4 27. Rd7 Ne6 28. b3 Rd8 29. Rxd8+ Nxd8 0-1

[Event "SRB-ch U16"]
[Site "Vrbas"]
[Date "2015.04.11"]
[Round "4"]
[White "Petrovic, Petar R"]
[Black "Pantic, Milos"]
[Result "1/2-1/2"]
[WhiteElo "1832"]
[BlackElo "1712"]
[PlyCount "87"]
[EventDate "2015.04.09"]
[EventType "swiss"]
[EventRounds "9"]
[EventCountry "SRB"]
[SourceTitle "EXT 2016"]
[Source "ChessBase"]
[SourceDate "2015.10.08"]
[SourceVersion "1"]
[SourceVersionDate "2015.10.08"]
[SourceQuality "1"]

1. e4 c5 2. Nf3 Nc6 3. d4 cxd4 4. Nxd4 Nf6 5. Nc3 e5 6. Nxc6 bxc6 7. Bg5 Be7 8. Be2 0-0 9. Qd3 h6 10. Bh4 Rb8 11. Rb1 Bb7 12. 0-0 d5 13. Bxf6 Bxf6 14. Bf3 d4 15. Na4 Qa5 16. Qa3 Ba6 17. Rfc1 Bg5 18. Rd1 Rb4 19. Nc5 Qxc5 20. c3 dxc3 21. bxc3 Rc4 22. Qxa6 Rxc3 23. Rb7 Ra3 24. Qe2 Qa5 25. Rb2 Rd8 26. Rxd8+ Qxd8 27. g3 Qd3 28. Kg2 Qxe2 29. Bxe2 Rc3 30. Bd1 c5 31. Rc2 Rxc2 32. Bxc2 c4 33. h4 Bd2 34. Kf3 Kf8 35. Ke2 c3 36. Kd3 Ke7 37. Bb3 g6 38. g4 f6 39. h5 gxh5 40. gxh5 Kd6 41. Kc4 a6 42. Bc2 Kc6 43. f3 a5 44. Ba4+ 1/2-1/2